[Event "9 Player Open Standard Chess 1"]
[Site "SchemingMind.com"]
[Date "2013.12.16"]
[Round "-"]
[White "alexyongpohweng"]
[Black "emvarela"]
[Result "0-1"]
[WhiteCountry "MAS"]
[BlackCountry "ARG"]
[WhiteElo "1303"]
[WhiteRD "45"]
[BlackElo "1732"]
[BlackRD "45"]
[GameID "343532"]

1. e4 e5 2. Qh5 d6 3. Bc4 Qf6 4. Nf3 g6 5. Qg5 Bh6 6. Qxf6 Nxf6 7. O-O c6 8. Nc3 Nbd7 9. a3 b5 10. Be2 O-O
11. d3 Bxc1 12. Raxc1 d5 13. exd5 Nxd5 14. Nxd5 cxd5 15. c3 Bb7 16. b4 f5 17. Nd2 Rac8 18. Bd1 d4 19. c4 bxc4 20. Nxc4 Nb6
21. Be2 Nxc4 22. dxc4 e4 23. f3 d3 24. Bd1 exf3 25. gxf3 Rfd8 26. Rf2 Rd4 27. Kg2 d2 28. Rc2 Rcd8 29. Kf1 Rd3 30. Ke2 Rxa3
31. Rxd2 Rxd2+ 32. Kxd2 Ra2+ 33. Ke1 Rxf2
0-1

[Event "9 Player Open Standard Chess 1"]
[Site "SchemingMind.com"]
[Date "2013.12.16"]
[Round "-"]
[White "emvarela"]
[Black "alexyongpohweng"]
[Result "1-0"]
[WhiteCountry "ARG"]
[BlackCountry "MAS"]
[WhiteElo "1732"]
[WhiteRD "45"]
[BlackElo "1303"]
[BlackRD "45"]
[GameID "343533"]

1. e4 e5 2. Nf3 d6 3. d4 exd4 4. Nxd4 Nf6 5. Nc3 Be7 6. Bc4 O-O 7. Be3 c6 8. O-O b5 9. Bb3 b4 10. Nce2 Nxe4
11. f3 Nf6 12. c4 c5 13. Nc2 a5 14. a3 bxa3 15. Rxa3 Be6 16. Nc3 Nc6 17. Nb5 Ne8 18. Bf4 Nb4 19. Nxb4 axb4 20. Rxa8 Qxa8
21. Qe2 Qb8 22. Rd1 f6 23. Qxe6+ Rf7 24. Bxd6 Bxd6 25. Nxd6 Nxd6 26. Qxd6 Qc8 27. Qd8+ Rf8 28. Qxc8 Rxc8 29. Rd5 Kf7 30. Ba4 Kg6
31. Bc2+ Kh6 32. g4 g6 33. h4 Kg7 34. g5 f5 35. f4 h6 36. Rd7+ Kh8 37. gxh6
1-0

[Event "9 Player Open Standard Chess 1"]
[Site "SchemingMind.com"]
[Date "2013.12.12"]
[Round "-"]
[White "SAMAEL"]
[Black "alexyongpohweng"]
[Result "1-0"]
[WhiteCountry "CAN"]
[BlackCountry "MAS"]
[WhiteElo "1721"]
[WhiteRD "68"]
[BlackElo "1329"]
[BlackRD "44"]
[GameID "343539"]

1. e4 e5 2. Nf3 d6 3. Be2 Nf6 4. Nc3 c6 5. d3 h6 6. h3 Be7 7. O-O O-O 8. Be3 c5 9. Nh2 a6 10. Ng4 Nxg4
11. Bxg4 Bxg4 12. Qxg4 Bf6 13. Bxh6 Nd7 14. Bd2 b5 15. Nd5 b4 16. Nxf6+ Nxf6 17. Qe2 d5 18. f3 d4 19. b3 g6 20. Rf2 Kg7
21. Raf1 a5 22. f4 exf4 23. Bxf4 Nh7 24. Qd2 g5 25. Be5+ Kg8 26. Bf6 Nxf6 27. Rxf6 Kg7 28. Qxg5+
1-0

[Event "9 Player Open Standard Chess 1"]
[Site "SchemingMind.com"]
[Date "2013.12.16"]
[Round "-"]
[White "SAMAEL"]
[Black "emvarela"]
[Result "1-0"]
[WhiteCountry "CAN"]
[BlackCountry "ARG"]
[WhiteElo "1743"]
[WhiteRD "66"]
[BlackElo "1674"]
[BlackRD "46"]
[GameID "343540"]

1. d4 Nf6 2. Nf3 d5 3. e3 e6 4. h3 Nc6 5. Nc3 Bb4 6. Bd2 O-O 7. a3 Bxc3 8. Bxc3 Ne4 9. Bd2 Nxd2 10. Qxd2 Qf6
11. Be2 Bd7 12. O-O a6 13. c3 Rad8 14. Rfe1 e5 15. Nh2 exd4 16. exd4 Rfe8 17. Bg4 Bxg4 18. Nxg4 Rxe1+ 19. Rxe1 Qd6 20. Ne5 Nxe5
21. Rxe5 c6 22. Qf4 f6 23. Re8+
1-0

[Event "9 Player Open Standard Chess 1"]
[Site "SchemingMind.com"]
[Date "2013.12.12"]
[Round "-"]
[White "alexyongpohweng"]
[Black "SAMAEL"]
[Result "0-1"]
[WhiteCountry "MAS"]
[BlackCountry "CAN"]
[WhiteElo "1287"]
[WhiteRD "45"]
[BlackElo "1737"]
[BlackRD "65"]
[GameID "343541"]

1. e4 e5 2. Qh5 d6 3. Bc4 g6 4. Qf3 Qf6 5. Qxf6 Nxf6 6. d3 Bg7 7. Nf3 h6 8. O-O O-O 9. Nc3 Nc6 10. a3 Bg4
11. h3 Bxf3 12. gxf3 Nd4 13. Bb3 Nxf3+ 14. Kg2 Nd4 15. Be3 Nxb3 16. cxb3 c5 17. Bd2 a6 18. Nd5 Nxd5 19. exd5 b6 20. b4 h5
21. Rac1 Rac8 22. bxc5 bxc5 23. b3 Rb8 24. Rb1 Rb7 25. Rfe1 f5 26. f3 Rfb8 27. Re3 Rxb3 28. Rxb3 Rxb3 29. a4 Rb2 30. Re2 Bh6
31. f4 Bxf4 32. Bxf4 Rxe2+ 33. Kf3 Ra2 34. Bc1 Rxa4 35. Ke3 Rh4 36. Ke2 Rxh3 37. Kd2 Rh1 38. Bb2 Rh2+ 39. Kc3 Rxb2 40. Kxb2 h4
41. Kc3 h3
0-1

[Event "9 Player Open Standard Chess 1"]
[Site "SchemingMind.com"]
[Date "2013.12.16"]
[Round "-"]
[White "emvarela"]
[Black "SAMAEL"]
[Result "1/2-1/2"]
[WhiteCountry "ARG"]
[BlackCountry "CAN"]
[WhiteElo "1753"]
[WhiteRD "48"]
[BlackElo "1720"]
[BlackRD "55"]
[GameID "343542"]

1. e4 e5 2. Nf3 d6 3. d4 exd4 4. c3 Nf6 5. Bg5 Be7 6. cxd4 h6 7. Bxf6 Bxf6 8. Nc3 a6 9. Bc4 Nc6 10. Nd5 Be7
11. Nxe7 Qxe7 12. O-O O-O 13. d5 Ne5 14. Nxe5 Qxe5 15. Qc2 Bd7 16. Rae1 c5 17. Qc3 Qxc3 18. bxc3 b5 19. Bd3 c4 20. Bc2 Rae8
21. f4 f6 22. Re3 Re7 23. Rfe1 Rfe8 24. Kf2 Kf7 25. h3 h5 26. Kf3 g6 27. f5 gxf5 28. exf5 Rxe3+ 29. Rxe3 Re5 30. Rxe5 fxe5
31. g4 hxg4+ 32. Kxg4 Kf6 33. h4 a5 34. a3 a4 35. h5 Be8 36. Be4 Bf7 37. h6 Bg8 38. Kh5 Bh7 39. Kg4 Bg8 40. Kh5= Bh7
41. Kg4 Bg8 42. Kh5
1/2-1/2

[Event "9 Player Open Standard Chess 1"]
[Site "SchemingMind.com"]
[Date "2013.12.12"]
[Round "-"]
[White "Derek Price"]
[Black "alexyongpohweng"]
[Result "1-0"]
[WhiteCountry "ENG"]
[BlackCountry "MAS"]
[WhiteElo "2351"]
[WhiteRD "78"]
[BlackElo "1329"]
[BlackRD "44"]
[GameID "343552"]

1. d4 d5 2. c4 dxc4 3. Nf3 Nf6 4. e3 b5 5. a4 c6 6. axb5 cxb5 7. b3 cxb3 8. Bxb5+ Bd7 9. Qxb3 Bxb5 10. Qxb5+ Nbd7
11. O-O Qb8 12. Qa4 Nd5 13. Ba3 Nb6 14. Qb5 a6 15. Qd3 e6 16. Nbd2 Bxa3 17. Qxa3 Nc8 18. Nc4 Ne7 19. Nd6+ Kf8 20. Rfb1 Qa7
21. Rb7 Qxb7 22. Nxb7
1-0

[Event "9 Player Open Standard Chess 1"]
[Site "SchemingMind.com"]
[Date "2013.12.16"]
[Round "-"]
[White "Derek Price"]
[Black "emvarela"]
[Result "1-0"]
[WhiteCountry "ENG"]
[BlackCountry "ARG"]
[WhiteElo "2385"]
[WhiteRD "81"]
[BlackElo "1683"]
[BlackRD "48"]
[GameID "343553"]

1. d4 Nf6 2. c4 e6 3. Nf3 Bb4+ 4. Bd2 Bxd2+ 5. Qxd2 O-O 6. g3 d5 7. Bg2 c6 8. O-O dxc4 9. Ne5 Nbd7 10. Nxc4 Nb6
11. Ne5 Bd7 12. Nc3 Nbd5 13. Rac1 Nxc3 14. Rxc3 Qc7 15. Qf4 Rac8 16. e4 Ne8 17. Rfc1 f6 18. Nxd7 Qxd7 19. d5 exd5 20. exd5 Nd6
21. dxc6 bxc6 22. Rd3
1-0

[Event "9 Player Open Standard Chess 1"]
[Site "SchemingMind.com"]
[Date "2013.12.12"]
[Round "-"]
[White "Derek Price"]
[Black "SAMAEL"]
[Result "1-0"]
[WhiteCountry "ENG"]
[BlackCountry "CAN"]
[WhiteElo "2351"]
[WhiteRD "78"]
[BlackElo "1721"]
[BlackRD "68"]
[GameID "343554"]

1. d4 d5 2. c4 e6 3. Nc3 Nc6 4. Nf3 Nf6 5. a3 a6 6. cxd5 exd5 7. Bg5 Be7 8. e3 h6 9. Bh4 O-O 10. Bd3 Be6
11. O-O Nd7 12. Bg3 Rc8 13. Rc1 Na7 14. Re1 Re8 15. h3 c6 16. Ne2 Nb5 17. Nf4 Nc7 18. Qb3 b6 19. Rxc6 Na8 20. Rxe6
1-0

[Event "9 Player Open Standard Chess 1"]
[Site "SchemingMind.com"]
[Date "2013.12.12"]
[Round "-"]
[White "alexyongpohweng"]
[Black "Derek Price"]
[Result "0-1"]
[WhiteCountry "MAS"]
[BlackCountry "ENG"]
[WhiteElo "1329"]
[WhiteRD "44"]
[BlackElo "2351"]
[BlackRD "78"]
[GameID "343555"]

1. e4 c5 2. Bc4 e6 3. Qf3 Nc6 4. c3 Nf6 5. Ne2 Ne5 6. Qg3 Nxc4 7. e5 Nd5 8. O-O d6 9. b3 Nxe5 10. d4 cxd4
11. cxd4 Ng6 12. Bg5 Be7 13. Bxe7 Qxe7 14. Qf3 b6 15. Nd2 Bb7 16. Qd3 O-O 17. f3 Ndf4 18. Nxf4 Nxf4 19. Qe3 Qg5 20. Qf2 Nh3+
0-1

[Event "9 Player Open Standard Chess 1"]
[Site "SchemingMind.com"]
[Date "2013.12.16"]
[Round "-"]
[White "emvarela"]
[Black "Derek Price"]
[Result "0-1"]
[WhiteCountry "ARG"]
[BlackCountry "ENG"]
[WhiteElo "1674"]
[WhiteRD "46"]
[BlackElo "2338"]
[BlackRD "79"]
[GameID "343556"]

1. e4 c5 2. Nf3 d6 3. d4 cxd4 4. Nxd4 Nf6 5. Nc3 a6 6. Be3 e6 7. Qd2 b5 8. a3 Bb7 9. Bd3 Nbd7 10. O-O-O Be7
11. f3 Rc8 12. b4 Qc7 13. Kb2 Nb6 14. Na2 d5 15. exd5 Nfxd5 16. Nb3 Nxe3 17. Qxe3 Qxc2+ 18. Bxc2 Nc4+ 19. Kb1 Nxe3 20. Rc1 Nc4
21. Bd3 Nxa3+ 22. Kb2 Nc4+ 23. Bxc4 bxc4 24. Na5 Bd5 25. Rc2 O-O 26. Rhc1 Rfd8 27. Nxc4 Bf6+ 28. Kb3 Rc6 29. h3 Rdc8 30. f4 Bd4
31. g3 g6 32. g4 Be3 33. Rf1 Rxc4
0-1

[Event "9 Player Open Standard Chess 1"]
[Site "SchemingMind.com"]
[Date "2013.12.12"]
[Round "-"]
[White "SAMAEL"]
[Black "Derek Price"]
[Result "0-1"]
[WhiteCountry "CAN"]
[BlackCountry "ENG"]
[WhiteElo "1721"]
[WhiteRD "68"]
[BlackElo "2351"]
[BlackRD "78"]
[GameID "343557"]

1. Nf3 Nf6 2. e3 b6 3. Nc3 Bb7 4. Be2 e6 5. O-O Be7 6. h3 O-O 7. d4 d5 8. a3 c5 9. Bd2 Nc6 10. dxc5 bxc5
11. Rc1 e5 12. Nh2 d4 13. exd4 cxd4 14. Na2 a5 15. c4 e4 16. Re1 Nd7 17. Bf4 Nc5 18. Nf1 d3 19. Bg4 f5
0-1

[Event "9 Player Open Standard Chess 1"]
[Site "SchemingMind.com"]
[Date "2013.12.14"]
[Round "-"]
[White "Chessibelle"]
[Black "alexyongpohweng"]
[Result "1/2-1/2"]
[WhiteCountry "ENG"]
[BlackCountry "MAS"]
[WhiteElo "1140"]
[WhiteRD "55"]
[BlackElo "1324"]
[BlackRD "46"]
[GameID "343686"]

1. Nf3 d5 2. d4 Nf6 3. e3 g6 4. Nc3 Bg7 5. Bb5+ c6 6. Bd3 O-O 7. e4 dxe4 8. Nxe4 Nxe4 9. Bxe4 f5 10. Bd3 Bxd4
11. Nxd4 c5 12. Nb5 a6 13. Nc3 b5 14. Ne2 c4 15. Bh6 Re8 16. Qd2 cxd3 17. cxd3 Bb7 18. f3 e5 19. O-O f4 20. Rfd1 g5
21. Qc2 Qf6 22. Qc7 Re7 23. Qd8+ Re8=
1/2-1/2

[Event "9 Player Open Standard Chess 1"]
[Site "SchemingMind.com"]
[Date "2013.12.13"]
[Round "-"]
[White "Chessibelle"]
[Black "Derek Price"]
[Result "0-1"]
[WhiteCountry "ENG"]
[BlackCountry "ENG"]
[WhiteElo "1140"]
[WhiteRD "55"]
[BlackElo "2343"]
[BlackRD "80"]
[GameID "343687"]

1. Nf3 Nf6 2. d4 e6 3. Nc3 d5 4. e3 c5 5. b3 Nc6 6. Ba3 Qa5 7. Bb2 Ne4 8. Qd3 cxd4 9. exd4 Bb4 10. Be2 Bxc3+
11. Kf1 Bxb2 12. a4 Bxa1 13. g3 Qc3 14. Qd1 Nxd4 15. Nxd4 Qxd4 16. Kg2 Qxf2+ 17. Kh3 h5 18. Kh4 Bf6+
0-1

[Event "9 Player Open Standard Chess 1"]
[Site "SchemingMind.com"]
[Date "2013.12.17"]
[Round "-"]
[White "Chessibelle"]
[Black "emvarela"]
[Result "0-1"]
[WhiteCountry "ENG"]
[BlackCountry "ARG"]
[WhiteElo "1198"]
[WhiteRD "58"]
[BlackElo "1683"]
[BlackRD "48"]
[GameID "343688"]

1. Nf3 d5 2. d4 Nf6 3. e3 e6 4. Nc3 c5 5. Bb5+ Bd7 6. Bd3 c4 7. Be2 Bb4 8. Bd2 O-O 9. Ne5 Bxc3 10. Bxc3 Nc6
11. f4 Nxe5 12. fxe5 Ne4 13. Bb4 Re8 14. O-O a5 15. Be1 b5 16. c3 f6 17. Bh4 Rf8 18. h3 Qc7 19. Bf3 fxe5 20. Qc2 exd4
21. cxd4 Nf6 22. b3 Rac8 23. Rfc1 c3 24. Be1 b4 25. Qd3 Qb6 26. Bd1 Bb5 27. Qc2 Ne4 28. g4 Ng5 29. h4 Rf1+ 30. Kg2 Rxe1
31. Qf2 Bf1+ 32. Kg1 Nh3+
0-1

[Event "9 Player Open Standard Chess 1"]
[Site "SchemingMind.com"]
[Date "2013.12.14"]
[Round "-"]
[White "Chessibelle"]
[Black "SAMAEL"]
[Result "0-1"]
[WhiteCountry "ENG"]
[BlackCountry "CAN"]
[WhiteElo "1126"]
[WhiteRD "59"]
[BlackElo "1721"]
[BlackRD "68"]
[GameID "343689"]

1. Nf3 Nf6 2. d4 d5 3. Nc3 e6 4. Ne5 Nbd7 5. e3 a6 6. Bd3 Bd6 7. f4 O-O 8. Qf3 h6 9. O-O Nh7 10. Qg4 f5
11. Qg3 Nxe5 12. dxe5 Be7 13. a3 Bd7 14. Ne2 Rc8 15. Nd4 c5 16. Nb3 c4 17. Be2 cxb3 18. cxb3 Qb6 19. Bd1 Rc7 20. Bd2 Kh8
21. Bh5 Be8 22. Be2 Qxb3 23. Rab1 Qb6 24. b4 Bb5 25. Qf2 Rfc8 26. Rfe1 Bxe2 27. Qxe2 Nf8 28. h3 Ng6 29. Kh2 Rc2 30. Red1 Ra2
31. Qh5 Kh7 32. g4 Qxe3 33. g5 Rxd2+ 34. Kh1 Qe4+ 35. Kg1 Qg2#
0-1

[Event "9 Player Open Standard Chess 1"]
[Site "SchemingMind.com"]
[Date "2013.12.14"]
[Round "-"]
[White "alexyongpohweng"]
[Black "Chessibelle"]
[Result "1-0"]
[WhiteCountry "MAS"]
[BlackCountry "ENG"]
[WhiteElo "1329"]
[WhiteRD "44"]
[BlackElo "1126"]
[BlackRD "59"]
[GameID "343690"]

1. e4 e5 2. Qh5 d6 3. Bc4 g6 4. Qf3 Nf6 5. Nc3 Nc6 6. Nge2 Be7 7. O-O Bg4 8. Qe3 Nb4 9. Bb3 O-O 10. a3 Nc6
11. d3 a6 12. f3 Bd7 13. Na2 b5 14. c4 Rb8 15. cxb5 Rxb5 16. Ba4 Rb8 17. Bxc6 Bxc6 18. Rb1 Ba4 19. Nac3 Bb3 20. Nd1 Qd7
21. Ndc3 c5 22. Kf2 d5 23. Qd2 c4 24. exd5 Nxd5 25. Nxd5 Qxd5 26. dxc4 Qc5+ 27. Qe3 Qc8 28. Qxe5 f6 29. Qxe7 Rf7 30. Qe3 Bxc4
31. Re1 Qf5 32. Bd2 Re7 33. Qxe7 Qh5 34. Rh1 Bf7 35. Ng3 Qh4 36. Qe3 g5 37. Qe4 Qh6 38. Qd3 Qf8 39. Qxa6 Kg7 40. Bb4 Qd8
41. Nf5+ Kg6 42. Ne3 Qd4 43. Qe2 f5 44. Ke1 h6 45. Rd1 Qb6 46. Qd3 Qf6 47. Bc3 Qe6 48. Kf2 h5 49. Rhe1 Rb7 50. Nf1 Qb6+
51. Ke2 Re7+ 52. Kd2 Rc7 53. Ne3 Be6 54. Qc2 Kf7 55. Nxf5 Qc5 56. Ng3 h4 57. Ne4 Qf5 58. Nd6+
1-0

[Event "9 Player Open Standard Chess 1"]
[Site "SchemingMind.com"]
[Date "2013.12.13"]
[Round "-"]
[White "Derek Price"]
[Black "Chessibelle"]
[Result "1-0"]
[WhiteCountry "ENG"]
[BlackCountry "ENG"]
[WhiteElo "2343"]
[WhiteRD "80"]
[BlackElo "1140"]
[BlackRD "55"]
[GameID "343691"]

1. d4 d5 2. c4 Nf6 3. cxd5 Nxd5 4. Nf3 e6 5. e4 Nf6 6. Nc3 Nc6 7. Bd3 Be7 8. O-O Bd6 9. e5 Be7 10. exf6 Bxf6
11. Be3 b6 12. Rc1 g6 13. Ne4 Be7 14. Rxc6 O-O 15. Bf4 Qd5 16. Rxc7 Bd8 17. Qc2 Qf5 18. Be5 h5 19. Nf6+ Bxf6 20. Bxf5
1-0

[Event "9 Player Open Standard Chess 1"]
[Site "SchemingMind.com"]
[Date "2013.12.17"]
[Round "-"]
[White "emvarela"]
[Black "Chessibelle"]
[Result "1-0"]
[WhiteCountry "ARG"]
[BlackCountry "ENG"]
[WhiteElo "1683"]
[WhiteRD "48"]
[BlackElo "1198"]
[BlackRD "58"]
[GameID "343692"]

1. e4 e5 2. Nf3 Nc6 3. d4 f6 4. dxe5 fxe5 5. Bb5 Nce7 6. Nc3 c6 7. Ba4 Nf6 8. O-O Ng6 9. Bg5 Be7 10. Bxf6 Bxf6
11. Bb3 b5 12. Ng5 Bxg5 13. Qf3 Bf6 14. a4 b4 15. Ne2 Bb7 16. Rad1 Qb6 17. Rd2 Bg5 18. Qf7+ Kd8 19. Qxd7#
1-0

[Event "9 Player Open Standard Chess 1"]
[Site "SchemingMind.com"]
[Date "2013.12.14"]
[Round "-"]
[White "SAMAEL"]
[Black "Chessibelle"]
[Result "1-0"]
[WhiteCountry "CAN"]
[BlackCountry "ENG"]
[WhiteElo "1721"]
[WhiteRD "68"]
[BlackElo "1126"]
[BlackRD "59"]
[GameID "343693"]

1. e4 e5 2. Nf3 Nc6 3. a3 Nf6 4. d3 d6 5. Nc3 Bg4 6. Be2 Be6 7. O-O Be7 8. Re1 Nd4 9. Nxd4 exd4 10. Na2 c5
11. Bd2 g6 12. c4 Bd7 13. b3 Qb6 14. Qc2 O-O 15. h3 Rfe8 16. Rab1 Be6 17. a4 Qc7 18. f4 Nh5 19. Bxh5 gxh5 20. f5 Bc8
21. Qd1 Qd8 22. Qxh5 Bf8 23. Rf1 f6 24. Rf3 Re7 25. Rbf1 Bg7 26. Rg3 Bd7 27. Qh4 Rf7 28. Rff3 Qb6 29. Nc1 Re8 30. Bh6 Kf8
31. Bxg7+ Ke7 32. Bxf6+ Kf8 33. Qh6+
1-0

[Event "9 Player Open Standard Chess 1"]
[Site "SchemingMind.com"]
[Date "2013.12.15"]
[Round "-"]
[White "Ebanon "]
[Black "alexyongpohweng"]
[Result "1-0"]
[WhiteCountry "ESP"]
[BlackCountry "MAS"]
[WhiteElo "2405"]
[WhiteRD "62"]
[BlackElo "1324"]
[BlackRD "46"]
[GameID "343744"]

1. e4 e5 2. f4 exf4 3. Nf3 Nf6 4. e5 Nd5 5. c4 Nb6 6. d4 d6 7. exd6 cxd6 8. Bxf4 Bg4 9. Nc3 Bxf3 10. Qxf3 Nc6
11. O-O-O Be7 12. c5 dxc5 13. dxc5 Nd7 14. Qg4 Rg8 15. Bc4 Kf8 16. Rxd7 Qe8 17. Re1 a6 18. Bd6 f5 19. Qxf5+
1-0

[Event "9 Player Open Standard Chess 1"]
[Site "SchemingMind.com"]
[Date "2013.12.14"]
[Round "-"]
[White "Ebanon "]
[Black "Derek Price"]
[Result "1/2-1/2"]
[WhiteCountry "ESP"]
[BlackCountry "ENG"]
[WhiteElo "2388"]
[WhiteRD "65"]
[BlackElo "2351"]
[BlackRD "78"]
[GameID "343745"]

1. e4 c5 2. Nf3 d6 3. d4 cxd4 4. Nxd4 Nf6 5. Nc3 a6 6. h3 e6 7. g4 Be7 8. g5 Nfd7 9. h4 b5 10. a3 Bb7
11. Be3 Nc6 12. Nxc6 Bxc6 13. Qd4 O-O 14. O-O-O Rb8 15. h5 Qb6 16. Qxb6 Nxb6 17. Rg1 Rfd8 18. f4 a5 19. Bd3 d5 20. exd5 Nxd5
21. Nxd5 Bxd5 22. Rgf1 g6 23. Be2 b4=
1/2-1/2

[Event "9 Player Open Standard Chess 1"]
[Site "SchemingMind.com"]
[Date "2013.12.17"]
[Round "-"]
[White "Ebanon "]
[Black "emvarela"]
[Result "1-0"]
[WhiteCountry "ESP"]
[BlackCountry "ARG"]
[WhiteElo "2354"]
[WhiteRD "65"]
[BlackElo "1674"]
[BlackRD "46"]
[GameID "343746"]

1. e4 e5 2. f4 exf4 3. Nf3 Nf6 4. e5 Ng4 5. h3 Nh6 6. d4 g5 7. g3 Nf5 8. gxf4 gxf4 9. Bxf4 d6 10. Nc3 dxe5
11. Qe2 Be6 12. Bxe5 Rg8 13. d5 Ng3 14. Bxg3 Rxg3 15. O-O-O Bh6+ 16. Kb1 Qf6 17. dxe6 Rxf3 18. Nd5
1-0

[Event "9 Player Open Standard Chess 1"]
[Site "SchemingMind.com"]
[Date "2013.12.15"]
[Round "-"]
[White "Ebanon "]
[Black "SAMAEL"]
[Result "1-0"]
[WhiteCountry "ESP"]
[BlackCountry "CAN"]
[WhiteElo "2388"]
[WhiteRD "65"]
[BlackElo "1721"]
[BlackRD "68"]
[GameID "343747"]

1. e4 e5 2. f4 d6 3. Nf3 exf4 4. d4 Nf6 5. Nc3 a6 6. Bxf4 Nc6 7. Qe2 Bg4 8. O-O-O Qc8 9. h3 Bd7 10. e5 dxe5
11. d5 Na7 12. Bxe5 Be7 13. Bxf6 gxf6 14. Re1 Qd8 15. Qe3 Nc8 16. Qh6
1-0

[Event "9 Player Open Standard Chess 1"]
[Site "SchemingMind.com"]
[Date "2013.12.14"]
[Round "-"]
[White "Ebanon "]
[Black "Chessibelle"]
[Result "1-0"]
[WhiteCountry "ESP"]
[BlackCountry "ENG"]
[WhiteElo "2405"]
[WhiteRD "62"]
[BlackElo "1140"]
[BlackRD "55"]
[GameID "343748"]

1. e4 e5 2. f4 Nc6 3. Nf3 Nf6 4. Nc3 exf4 5. d4 d5 6. e5 Ne4 7. Bxf4 Be7 8. Bb5 Bd7 9. Nxd5 Bb4+ 10. Nxb4 Nb8
11. Qe2 O-O 12. Bxd7 Nxd7 13. Qxe4 g6 14. Bg5 Qb8 15. Nd5 Re8 16. Ne7+ Kf8 17. Qh4 Kg7 18. Qh6+
1-0

[Event "9 Player Open Standard Chess 1"]
[Site "SchemingMind.com"]
[Date "2013.12.15"]
[Round "-"]
[White "alexyongpohweng"]
[Black "Ebanon "]
[Result "0-1"]
[WhiteCountry "MAS"]
[BlackCountry "ESP"]
[WhiteElo "1324"]
[WhiteRD "46"]
[BlackElo "2405"]
[BlackRD "62"]
[GameID "343749"]

1. e4 c5 2. d3 Nc6 3. Nf3 g6 4. g3 Bg7 5. c3 d6 6. Bg2 Nf6 7. O-O O-O 8. Bg5 h6 9. Bxf6 Bxf6 10. Qb3 Be6
11. Qxb7 Qa5 12. Qxc6 Rac8 13. Qb7 Rb8 14. b4 cxb4 15. cxb4 Rxb7 16. bxa5 Bxa1
0-1

[Event "9 Player Open Standard Chess 1"]
[Site "SchemingMind.com"]
[Date "2013.12.15"]
[Round "-"]
[White "Derek Price"]
[Black "Ebanon "]
[Result "1/2-1/2"]
[WhiteCountry "ENG"]
[BlackCountry "ESP"]
[WhiteElo "2351"]
[WhiteRD "78"]
[BlackElo "2388"]
[BlackRD "65"]
[GameID "343750"]

1. d4 Nf6 2. c4 e6 3. Nf3 c5 4. e3 d5 5. Nc3 a6 6. cxd5 exd5 7. Be2 Nc6 8. O-O cxd4 9. Nxd4 Bd6 10. Nxc6 bxc6
11. b3 O-O 12. Bb2 Qc7 13. g3 Bh3 14. Re1 Rfe8 15. Rc1 Qe7 16. Bf3 Rac8 17. Qd3 Nd7 18. Na4 Be5 19. Bd4 Bxd4 20. Qxd4 Qa3
21. Qb2 Qe7 22. Red1 Ne5 23. Be2 a5 24. Rd4=
1/2-1/2

[Event "9 Player Open Standard Chess 1"]
[Site "SchemingMind.com"]
[Date "2013.12.17"]
[Round "-"]
[White "emvarela"]
[Black "Ebanon "]
[Result "0-1"]
[WhiteCountry "ARG"]
[BlackCountry "ESP"]
[WhiteElo "1674"]
[WhiteRD "46"]
[BlackElo "2354"]
[BlackRD "65"]
[GameID "343751"]

1. e4 c5 2. Nf3 d6 3. d4 cxd4 4. Nxd4 Nf6 5. Nc3 a6 6. Be3 e5 7. Nb3 Be6 8. Qd2 Be7 9. O-O-O Ng4 10. g3 O-O
11. h3 Nxe3 12. Qxe3 b5 13. Nd5 Bg5 14. f4 Bh6 15. Qf3 Bxd5 16. Rxd5 Nc6 17. Kb1 exf4 18. gxf4 Qh4 19. Bd3 Qxf4 20. Qxf4 Bxf4
21. Nd4 Ne7 22. Rh5 g6 23. Rh4 Be5 24. Rg1 Bxd4
0-1

[Event "9 Player Open Standard Chess 1"]
[Site "SchemingMind.com"]
[Date "2013.12.15"]
[Round "-"]
[White "SAMAEL"]
[Black "Ebanon "]
[Result "0-1"]
[WhiteCountry "CAN"]
[BlackCountry "ESP"]
[WhiteElo "1737"]
[WhiteRD "65"]
[BlackElo "2398"]
[BlackRD "67"]
[GameID "343752"]

1. Nf3 Nf6 2. Nc3 d5 3. d4 e6 4. e3 c5 5. Be2 Nc6 6. O-O cxd4 7. exd4 Bd6 8. h3 a6 9. a3 b5 10. Na2 O-O
11. Be3 Qc7 12. c3 Na5 13. Nd2 Nc4 14. Nxc4 bxc4 15. Kh1 Rb8 16. Qc2 Ne4 17. Bf3 f5 18. Bxe4 dxe4 19. Rab1 f4 20. Bd2 Bb7
21. Rfe1 Qf7 22. Rg1 Qh5 23. Qd1 f3 24. Be3 Rf6 25. Qf1 fxg2+ 26. Qxg2 Rg6 27. Qf1 Qf3+
0-1

[Event "9 Player Open Standard Chess 1"]
[Site "SchemingMind.com"]
[Date "2013.12.14"]
[Round "-"]
[White "Chessibelle"]
[Black "Ebanon "]
[Result "0-1"]
[WhiteCountry "ENG"]
[BlackCountry "ESP"]
[WhiteElo "1140"]
[WhiteRD "55"]
[BlackElo "2405"]
[BlackRD "62"]
[GameID "343753"]

1. d4 c5 2. Nf3 Nf6 3. e3 d5 4. dxc5 e6 5. Qd4 Be7 6. Nc3 O-O 7. Be2 Nc6 8. Qd1 Bxc5 9. a3 a6 10. Bd2 e5
11. O-O e4 12. Ng5 h6 13. f3 hxg5 14. h3 Be6 15. f4 gxf4 16. Rxf4 Qb6 17. Qf1 Bxe3+ 18. Bxe3 Qxe3+ 19. Kh2 d4 20. Nd1 Qd2
21. c3 d3
0-1

[Event "9 Player Open Standard Chess 1"]
[Site "SchemingMind.com"]
[Date "2013.12.15"]
[Round "-"]
[White "Uzi Mike"]
[Black "alexyongpohweng"]
[Result "1-0"]
[WhiteCountry "USA"]
[BlackCountry "MAS"]
[WhiteElo "2247"]
[WhiteRD "83"]
[BlackElo "1287"]
[BlackRD "45"]
[GameID "343774"]

1. e4 e5 2. Nf3 d6 3. d4 exd4 4. Nxd4 Nf6 5. Nc3 Be7 6. Be2 O-O 7. Bf4 c5 8. Ndb5 a6 9. Nxd6 Bxd6 10. Bxd6 Re8
11. e5 Nfd7 12. Nd5 Ra7 13. Nc7 Re7 14. Bxe7 Qxe7 15. f4 Nb6 16. Qd6 Qxd6 17. exd6 N6d7 18. Bg4 Nc6 19. O-O-O Nd4 20. Rxd4 cxd4
21. Re1 g6 22. Re8+ Kg7 23. Rxc8 Nf6 24. Ne8+ Nxe8 25. d7
1-0

[Event "9 Player Open Standard Chess 1"]
[Site "SchemingMind.com"]
[Date "2013.12.15"]
[Round "-"]
[White "Uzi Mike"]
[Black "Derek Price"]
[Result "0-1"]
[WhiteCountry "USA"]
[BlackCountry "ENG"]
[WhiteElo "2247"]
[WhiteRD "83"]
[BlackElo "2385"]
[BlackRD "81"]
[GameID "343775"]

1. d4 d5 2. Nf3 Nf6 3. c4 c6 4. Nc3 e6 5. Bg5 h6 6. Bxf6 Qxf6 7. e3 Nd7 8. Bd3 dxc4 9. Bxc4 g6 10. O-O Bg7
11. Qc2 O-O 12. a4 a5 13. Ne4 Qe7 14. Bb3 e5 15. Ng3 Kh8 16. Rac1 f5 17. Ne2 Kh7 18. Nc3 e4 19. Nd2 Nf6 20. Nc4 Be6
21. Ne5 Nd7
0-1

[Event "9 Player Open Standard Chess 1"]
[Site "SchemingMind.com"]
[Date "2013.12.17"]
[Round "-"]
[White "Uzi Mike"]
[Black "emvarela"]
[Result "1-0"]
[WhiteCountry "USA"]
[BlackCountry "ARG"]
[WhiteElo "2077"]
[WhiteRD "83"]
[BlackElo "1732"]
[BlackRD "45"]
[GameID "343776"]

1. c4 c5 2. e3 Nc6 3. d4 cxd4 4. exd4 e6 5. d5 exd5 6. cxd5 Bb4+ 7. Nc3 Qe7+ 8. Be2 Nd4 9. Qxd4 Bxc3+ 10. bxc3 Nf6
11. Bg5 d6 12. Nf3 h6 13. Bxf6 Qxf6 14. Qxf6 gxf6 15. O-O O-O 16. Nd4 a6 17. Rfb1 b5 18. a4 Bb7 19. axb5 axb5 20. Rxa8 Rxa8
21. Nf5 Re8 22. Bxb5 Re5 23. Bd3 Bxd5 24. Rb8+ Kh7 25. Ng3+ Kg7 26. f4
1-0